000 00604nam a22001457a 4500
020 _a978-0-00-723384-7
082 _a823
_bLEW/L
100 _aLEWIS, C.S
245 _aTHE CHRONICLES OF NARNIA
_bTHE LAST BATTLE
260 _aLONDON
_bHARPER COLLINS
_c2010
300 _a223
520 _aThe Last Battle tells the story of the last war of Narnia, when King Tirian and his loyal followers fight the Calormene invaders and their allies. This conflict leads to the end of the old world of Narnia and the beginning of a new adventure in Aslan's real country.
650 _aNOVEL
_zUNITED KINGDOM
942 _cBK
999 _c3449
_d3449